000 01014nam a22003257a 4500
003 CHAP
005 20220817044151.0
008 070530s2000 it a rn 00010 spa d
010 _a93676
011 _a94648
035 _a105243
040 _cCHAP
090 _aFolleto 17234y
110 2 _aFAO
245 1 0 _aAlimentar a las ciudades
_c/por FAO
260 _aRoma :
_bFAO,
_c2000.
300 _a1 hoja :
_bilus. ; gráfs.
590 _aBATCH-UPD
_b10
_c20130110
_lUCH01
_h1322
590 _aCONVERSION
_b10
_c20130109
_lUCH01
_h1352
650 1 4 _aAlimentos.
_94114
650 1 4 _aAlimentos
_xAbastecimiento.
650 1 4 _aAlimentos
_xRendimiento.
_94277
901 _aBK
905 _aMarco A. Mendoza T.
911 _aCustodia
942 _cFOLL
949 _aFolleto 17234y
_bBC
_cFAO
_d33724002031280
_eFAO1
_gDonaciØn
_i105243
_sb
949 _aFolleto 17234y
_bBC
_cFAO
_d33724002031603
_eFAO2
_fc.2
_gDonaciØn
_i105243
_sb
949 _aFolleto 17234y
_bBC
_cFAO
_d33724002031611
_eFAO2
_fc.3
_gDonaciØn
_i105243
_sb
999 _c93676
_d93676